Rules, Reputation and Macroeconomic Policy Coordination / (Record no. 616704)

MARC details
000 -LEADER
fixed length control field 01619nam a2200181Ia 4500
008 - FIXED-LENGTH DATA ELEMENTS--GENERAL INFORMATION
fixed length control field 260302s9999 xx 000 0 und d
020 ## - INTERNATIONAL STANDARD BOOK NUMBER
ISBN 9780521441964
082 ## - DEWEY DECIMAL CLASSIFICATION NUMBER
Classification number 339.5
Item number CUR
100 ## - MAIN ENTRY--AUTHOR NAME
Personal name Currie, David A.
245 #0 - TITLE STATEMENT
Title Rules, Reputation and Macroeconomic Policy Coordination /
Statement of responsibility, etc Currie, David A.; Levine, Paul
260 ## - PUBLICATION, DISTRIBUTION, ETC. (IMPRINT)
Name of publisher Cambridge University Press,
Year of publication 1993
300 ## - PHYSICAL DESCRIPTION
Number of Pages 441 pages
520 ## - SUMMARY, ETC.
Summary, etc In this book David Currie and Paul Levine address a broad range of issues concerning the design and conduct of macroeconomic policy in open economies. Adopting neo-Keynesian models for which monetary and fiscal policy have short-term real effects, they analyse active stabilisation policies in both a single- and multi-country context. Questions addressed include: the merits of simple policy rules, policy design in the face of uncertainty and international policy coordination. A central feature of the book is the treatment of credibility and the effect of a policy-maker's reputation for sticking to announced policies. These considerations are integrated with coordination issues to produce a unique synthesis. The volume develops optimal control methods and dynamic game theory to handle relationships between governments and a conscious rational private sector and produces a unified, coherent approach to the subject. This book will be of interest to students and teachers of open economy macroeconomics and to professional economists interested in using macroeconomic models to design policy.
650 ## - SUBJECT ADDED ENTRY--TOPICAL TERM
Topical Term Business & Economics
700 ## - ADDED ENTRY--PERSONAL NAME
Personal name Levine, Paul
942 ## - ADDED ENTRY ELEMENTS (KOHA)
Koha item type English Books
Holdings
Withdrawn status Lost status Damaged status Not for loan Home library Current library Shelving location Date acquired Full call number Accession Number Price effective from Koha item type
        Anna Centenary Library Anna Centenary Library 4TH FLOOR, A WING 02.03.2026 339.5 CUR 193818 02.03.2026 English Books

Find us on the map